01013nam a2200241Ia 4500001000600000003000900006008004100015040001300056040001300069041001300082100001800095100002900113245004000142245005200182250001100234260001000245260002000255260004900275300005700324500034400381650001500725650003100740H1564IT-RoPAU130308s9999 xx 000 0 und d aIT-RoPAU cIT-RoPAU aFRANCESE aNoth Winfried gCodice Aut. SPICS: 19215 aSeuil semiotique d'Umberto Eco (Le) bAu Nom Du sens Autour de L'Oeuvre D'Umberto Eco a1a ed. aPARIS bGrasset Bernard c2000 [1° Ed.:2000 - Ed.Ling.Originale:2000] a"12 p. (prefazione: no ; testo: 12 [pagine: 52-63])" aSoglia Semiotica di Umberto Eco. Limiti del Campo Semiotico presso Eco. Semiotica e le Altre Scienze. Eco tra Espansionismo Bio Semiotico e Riduzionismo Linguo Semiotico. Segno, Codice, Convenzione e Natura. Culturalizzazione della Natura presso Eco. soglia Semiotica Secondo Eco e Secondo Peirce. carattere Simbolico dei Segni presso Eco. aSEMIOLOGIA eCodice materia Spics: 3251